Indovina il mob di Minecraft #5 - Statistics

Statistiche generali
  • Questo quiz è stato fatto 57 volte
  • Il punteggio medio è 12 su 15
Statistiche sulle risposte
con Immagini Risposta % Corretto
Delfino
100%
Zombie
100%
Cammello
98%
Pappagallo
98%
Enderman
94%
Pipistrello
92%
Salmone
88%
Pesciolino d'argento
85%
Calamaro
81%
Endermite
75%
Muccafungo
73%
Piglin Zombificato
73%
Scheletro wither
71%
Vex
60%
Fiutatore
58%
Nessun quiz corrispondente trovato
Distribuzione punteggi
Percentuale di utenti per punteggio
Percentile per numero di risposta
I tuoi punteggi nel tempo
Non hai fatto questo quiz